000 01223nam a22003372c 4500
001 490002579
003 DE-601
005 20231030091306.0
008 050621s1882 fr 000 0 fre d
035 _a(OCoLC)162575875
035 _a(DE-599)GBV490002579
040 _bger
_cGBVCP
_aBLK
041 0 _aFRE
_cFRE
080 _aФренска литература
_b821.133.1
_z821.133.1
100 _aHugo, Victor
_91299
_eпърви автор
139 _aHugo, Victor
245 1 0 _aTorquemada
_bDrame
_cVictor Hugo
250 _a6. ed.
260 _9211784
_aParis
_bCalmann-Levy
_c1882
264 3 1 _c1882
300 _c24 см
_a204 с.
380 _aX
490 _9435080
_aКолекция Редки и ценни издания
490 _9435931
_aЛична библиотека на Захари Стоянов
_v№ 66
500 _aНа загл. с. датирано 27.ІV.936 г. № 203.
852 _aРф 882 ЗСт
_bРц
856 _fСъдържание
_lreg users access
_qjpg
_uhttp://185.138.176.146:18082/cgi-bin/koha/opac-retrieve-file.pl?id=e36d8b55ee21d2ab1d69f3c0ee350cc2
_xpicjpg
_zСъдържание
942 _2udc
_cKNG
_n0
_s1
_01
999 _c391394
_d391394
999 _d391394
999 _d391394
944 _k30542
_lРусанова Ирена